000 00295nam a22001337a 4500
008 181220b xxu||||| |||| 00| 0 eng d
020 _a9781879237186
041 _aeng
080 _a159.9
100 _a48
101 _aPSI
245 _aFocal Group Psychotherapy
_cMcKay,M
942 _2udc
_cBK
999 _c53555
_d53555